Marketingový výskum pre manažérske rozhodovanie
Charakteristika marketingového výskumného systému. Manažérske rozhodovanie. Význam marketingového výskumu pre manažérske rozhodovanie. Aplikácia metód marketingového výskumu. Výskum pozorovaním a prieskumom realizovaný v podniku Auto - technop.
Saved in:
| Main Author: | |
|---|---|
| Format: | Book Chapter |
| Language: | Slovak |
| Subjects: | |
| Tags: |
No Tags, Be the first to tag this record!
|
MARC
| LEADER | 00000nla a2200000 4500 | ||
|---|---|---|---|
| 001 | 0213297 | ||
| 005 | 20240502073543.2 | ||
| 041 | 0 | |a slo | |
| 044 | |a SK | ||
| 245 | 1 | 0 | |a Marketingový výskum pre manažérske rozhodovanie |c Naqibullah Daneshjo |
| 520 | |a Charakteristika marketingového výskumného systému. Manažérske rozhodovanie. Význam marketingového výskumu pre manažérske rozhodovanie. Aplikácia metód marketingového výskumu. Výskum pozorovaním a prieskumom realizovaný v podniku Auto - technop. | ||
| 610 | 2 | 0 | |a výskum marketingový |
| 610 | 2 | 0 | |a marketing |
| 610 | 2 | 0 | |a rozhodovanie manažérske |
| 610 | 2 | 0 | |a prieskum |
| 610 | 2 | 0 | |a firmy |
| 610 | 2 | 0 | |a zákazníci |
| 100 | 1 | |a Daneshjo, Naqibullah, 1964- | |